| 000 | 01315nam a2200337 i 4500 | ||
|---|---|---|---|
| 001 | 000020222 | ||
| 003 | DO-SdBNP | ||
| 005 | 20240718100041.0 | ||
| 007 | ta | ||
| 008 | 100728s2009 sp ab d 000 0 spa d | ||
| 020 | _a9788449430633 | ||
| 040 |
_aDO-SdBNP _bspa _cBNPHU _erda |
||
| 049 | _aBNPD | ||
| 082 | 4 |
_a036.1 _bN964o _222 |
|
| 245 | 0 | 0 |
_aNuevo Oceano UNO : _bdiccionario enciclopédico color / _ccoordinación de la edición, Ignacio González, Juan Pérez ; edición, Marina Batlle, Ana Biosca, José María Díaz de Mendívil, Ricardo Rendón |
| 264 |
_aBarcelona : _bOceano, _c2009. |
||
| 300 |
_a1784 páginas : _bilustraciones, mapas ; _c24 cm. _e1 CD-ROM (4 3/4 in.) |
||
| 336 |
_2rdacontent _atexto _btxt |
||
| 337 |
_2rdamedia _asin mediación _bn |
||
| 338 |
_2rdacarrier _avolumen _bnc |
||
| 590 | _aInventariado, 2024/BT | ||
| 650 | 4 |
_aDiccionarios _xEspañol _942824 |
|
| 650 | 4 |
_aEnciclopedias y diccionarios _xEspañol _9724 |
|
| 700 | 1 |
_aGonzález, Ignacio, _937336 _4coordinación de la edición |
|
| 700 | 1 |
_aPérez, Juan, _4coordinación de la edición _937336 |
|
| 700 | 1 |
_aBatlle, Marina, _942825 _eedición |
|
| 700 | 1 |
_aBiosca, Ana, _eedición _942820 |
|
| 700 | 1 |
_aDíaz Mendívil, José María de, _eediciWn _986128 |
|
| 910 | _aValidado. Control de calidad MFF | ||
| 942 |
_2ddc _cLBS1 |
||
| 999 |
_c19727 _d19727 |
||